Behavioral Coaching (Record no. 167950)

MARC details
000 -LEADER
fixed length control field 00470nam a2200193Ia 4500
008 - FIXED-LENGTH DATA ELEMENTS--GENERAL INFORMATION
fixed length control field 240823s9999||||xx |||||||||||||| ||und||
020 ## - INTERNATIONAL STANDARD BOOK NUMBER
International Standard Book Number 0-07-058406-0
082 ## - DEWEY DECIMAL CLASSIFICATION NUMBER
-- 658.312404 P3
100 ## - MAIN ENTRY--PERSONAL NAME
Personal name "Skiffington,Suzanne"
245 #0 - TITLE STATEMENT
Title Behavioral Coaching
250 ## - EDITION STATEMENT
Edition statement 1st
260 ## - PUBLICATION, DISTRIBUTION, ETC. (IMPRINT)
Date of publication, distribution, etc 2003
Name of publisher, distributor, etc TMH New D
500 ## - GENERAL NOTE
General note YES
650 ## - SUBJECT ADDED ENTRY--TOPICAL TERM
Topical term or geographic name as entry element Computer Organisation
942 ## - ADDED ENTRY ELEMENTS (KOHA)
Item type Books
Holdings
Withdrawn status Lost status Damaged status Permanent location Current location Date acquired Source of acquisition Cost, normal purchase price Full call number Barcode Date last seen Koha item type
      CENTRAL LIBRARY, NOORUL ISLAM CENTRE FOR HIGHER EDUCATION CENTRAL LIBRARY, NOORUL ISLAM CENTRE FOR HIGHER EDUCATION 06/30/2004 Greenland Book Centre 195.00 658.312404 P3 22420 08/23/2024 Books
Visitors:
Copyright © 2024 Central Library NICHE.  All rights reserved.